| 000 | 02166cam a22004574i 4500 | ||
|---|---|---|---|
| 003 | PE-LiUPU | ||
| 005 | 20250731183432.0 | ||
| 008 | 150706s r 000 0 d | ||
| 020 | _a9682474019 | ||
| 035 | _a(Sirsi) i9789682474019 | ||
| 040 |
_aPE-LiUPU _bspa _cPE-LiUPU _erda |
||
| 049 | _aPRUA | ||
| 082 | 0 | 4 |
_a720.972 _bM22 _221 |
| 100 | 1 |
_aMangino Tazzer, Alejandro, _eautor. |
|
| 245 | 1 | 0 |
_aArquitectura mesoamericana : _brelaciones espaciales / _cAlejandro Mangino Tazzer ; dibujos Felipe Fojo Castañeda, Alejandro Mangino Tazzer, Luis Carlos Pinto González. |
| 250 | _aSegunda edición. | ||
| 264 | 1 |
_aMéxico : _bTrillas, _c2006. |
|
| 300 |
_a205 páginas : _bilustraciones ; _c28 cm. |
||
| 336 |
_atext _2rdacontent |
||
| 337 |
_aunmediated _2rdamedia |
||
| 338 |
_avolume _2rdacarrier |
||
| 504 | _aIncluye bibliografía p. 193-197. | ||
| 505 | 0 | _aEl universo cultural mesoamericano -- Concepto espacial contemporáneo -- Análisis axiológico de la arquitectura mesoamericana -- Documentos del espacio urbano y arquitectónico en Mesoamérica -- Concepto mesoamericano de ciudad -- Análisis de Teotihuacán. Visión itinerante -- Arqueoastronomía y cosmogonía en el diseño arquitectónico -- Tipología espacial mesoamericana. | |
| 526 | _aP158 | ||
| 526 | _aP146 | ||
| 526 | _aP17 | ||
| 526 | _aP12 | ||
| 526 | _aP06 | ||
| 541 | _g001-003517; | ||
| 650 | 1 | 4 |
_aArquitectura _xConservación y restauración _zMéxico. |
| 650 | 2 | 4 |
_aArquitectura mexicana _xHistoria. |
| 700 | 1 |
_aFojo Castañeda, Felipe, _eil. |
|
| 700 | 1 |
_aMangino Tazzer, Alejandro, _eil. |
|
| 700 | 1 |
_aPinto Gonzalez, Luis Carlos, _eil. |
|
| 910 |
_agl _cjck _d20120528 |
||
| 942 |
_2ddc _cBOOK |
||
| 949 |
_a720.972 M22 _wDEWEY _c1 _i64763 _lCCODEBUL1 _mBUL _p61.00 _r0 _sY _tBOOK _u2015-7-6 _xINGENIERIA _PP06 _o.STAFF. Colección General |
||
| 994 |
_aC0 _bPEPRU |
||
| 596 | _a1 | ||
| 999 |
_a720.972 M22 _wDEWEY _c53468 _i64763 _d53468 _e2017-5-11 _f2021-11-9 _g5 _lCCODEBUL1 _mBUL _n1 _p61.00 _q1 _r0 _sY _tBOOK _u2015-7-6 _xINGENIERIA _PP06 _0COMPRA _o.STAFF. Colección General |
||
| 980 |
_81 _gALBERTO SANCHEZ Responsable de Automatización |
||